[Event "Bohumin op-A 6th"]
[Site "Bohumin"]
[Date "2023.07.09"]
[Round "9"]
[White "Kostka, Vit"]
[Black "Djuric, Stefan"]
[Result "1-0"]
[WhiteElo "2199"]
[BlackElo "2261"]
[PlyCount "69"]
[EventDate "2023.07.01"]
[EventType "swiss"]
[EventRounds "9"]
[EventCountry "CZE"]
[SourceTitle "CBM 215 Extra"]
[Source "ChessBase"]
[SourceDate "2023.09.30"]
[SourceVersion "1"]
[SourceVersionDate "2023.09.30"]
[SourceQuality "1"]

1. e4 d6 2. d4 g6 3. Bc4 Nf6 4. Qe2 Nc6 5. Nf3 Bg4 6. Bb5 Nd7 7. Be3 Bg7 8. c3 0-0 9. Nbd2 a6 10. Bxc6 bxc6 11. h3 Bxf3 12. Nxf3 d5 13. e5 e6 14. 0-0 c5 15. dxc5 Nxe5 16. Nxe5 Bxe5 17. f4 Bg7 18. Bd4 Bxd4+ 19. cxd4 c6 20. b4 Qh4 21. Rab1 a5 22. b5 cxb5 23. Rxb5 a4 24. a3 Rfe8 25. Qe3 h6 26. Qe5 Qe7 27. Rfb1 f6 28. Qe3 Qf8 29. Rb7 Re7 30. c6 Rc8 31. f5 gxf5 32. Rxe7 Qxe7 33. Rb7 f4 34. Qd3 Qg7 35. Rxg7+ 1-0

[Event "Bohumin op-A 6th"]
[Site "Bohumin"]
[Date "2023.07.07"]
[Round "7"]
[White "Kostka, Vit"]
[Black "Fargac, Martin"]
[Result "1/2-1/2"]
[WhiteElo "2199"]
[BlackElo "2354"]
[PlyCount "68"]
[EventDate "2023.07.01"]
[EventType "swiss"]
[EventRounds "9"]
[EventCountry "CZE"]
[SourceTitle "CBM 215 Extra"]
[Source "ChessBase"]
[SourceDate "2023.09.30"]
[SourceVersion "1"]
[SourceVersionDate "2023.09.30"]
[SourceQuality "1"]

1. e4 e5 2. Nf3 Nc6 3. Bb5 a6 4. Ba4 Nf6 5. 0-0 Nxe4 6. d4 b5 7. Bb3 d5 8. dxe5 Be6 9. Nbd2 Be7 10. c3 0-0 11. Nxe4 dxe4 12. Bxe6 fxe6 13. Nd4 Qd5 14. Qb3 Nxd4 15. cxd4 c5 16. dxc5 Bxc5 17. Be3 Bxe3 18. Qxe3 Qxe5 19. b3 Rad8 20. Rad1 Rd5 21. h3 Qd6 22. Rc1 Rd4 23. Rc6 Qxc6 24. Qxd4 Qd5 25. Qe3 Rc8 26. Rc1 Rc6 27. Re1 Kf7 28. Qf4+ Qf5 29. Rxe4 Rc1+ 30. Qxc1 Qxe4 31. Qc7+ Kg6 32. Qb6 Qe1+ 33. Kh2 Qe5+ 34. Kg1 Qe1+ 1/2-1/2

[Event "Bohumin op-A 6th"]
[Site "Bohumin"]
[Date "2023.07.05"]
[Round "5"]
[White "Kostka, Vit"]
[Black "Posluszny, Tomasz"]
[Result "1-0"]
[WhiteElo "2199"]
[BlackElo "1975"]
[PlyCount "83"]
[EventDate "2023.07.01"]
[EventType "swiss"]
[EventRounds "9"]
[EventCountry "CZE"]
[SourceTitle "CBM 215 Extra"]
[Source "ChessBase"]
[SourceDate "2023.09.30"]
[SourceVersion "1"]
[SourceVersionDate "2023.09.30"]
[SourceQuality "1"]

1. e4 c5 2. Nf3 e6 3. d4 cxd4 4. Nxd4 Nf6 5. Nc3 Nc6 6. Nxc6 bxc6 7. e5 Nd5 8. Ne4 Qa5+ 9. c3 Ba6 10. Be2 Bxe2 11. Qxe2 f5 12. exf6 Nxf6 13. Nxf6+ gxf6 14. 0-0 Bd6 15. Be3 h5 16. Rad1 Qc7 17. f4 Be7 18. Qd3 0-0-0 19. Qa6+ Kb8 20. c4 h4 21. Rd3 Ka8 22. Rfd1 d6 23. Kh1 c5 24. f5 e5 25. b4 h3 26. bxc5 hxg2+ 27. Kg1 dxc5 28. Qe6 Rxd3 29. Rxd3 Rd8 30. Rxd8+ Qxd8 31. Kxg2 Kb8 32. Qd5 Qb6 33. Qd7 Bd6 34. Kf3 e4+ 35. Kxe4 Qb1+ 36. Kd5 Bxh2 37. Qb5+ Qxb5 38. cxb5 Kb7 39. Bxc5 a6 40. a4 axb5 41. axb5 Bf4 42. Bd4 1-0

[Event "Bohumin op-A 6th"]
[Site "Bohumin"]
[Date "2023.07.01"]
[Round "1"]
[White "Tillmann, Stanislav"]
[Black "Kostka, Vit"]
[Result "1/2-1/2"]
[WhiteElo "1951"]
[BlackElo "2199"]
[PlyCount "44"]
[EventDate "2023.07.01"]
[EventType "swiss"]
[EventRounds "9"]
[EventCountry "CZE"]
[SourceTitle "CBM 215 Extra"]
[Source "ChessBase"]
[SourceDate "2023.09.30"]
[SourceVersion "1"]
[SourceVersionDate "2023.09.30"]
[SourceQuality "1"]

1. b3 e5 2. Bb2 Nc6 3. e3 Nf6 4. Nf3 e4 5. Nd4 Nxd4 6. Bxd4 d5 7. Be2 Bd6 8. c4 c5 9. Bb2 0-0 10. d3 dxc4 11. bxc4 Qe7 12. Nd2 exd3 13. Bxd3 Be5 14. Bxe5 Qxe5 15. 0-0 Rd8 16. Qc2 Kh8 17. Nf3 Qe7 18. Bf5 g6 19. Bxc8 Raxc8 20. Rfd1 Kg8 21. h3 b6 22. a4 Rxd1+ 1/2-1/2

[Event "CZE-chT1E 2223"]
[Site "Czech Republic"]
[Date "2023.01.29"]
[Round "7.6"]
[White "Kanovsky, David"]
[Black "Kostka, Vit"]
[Result "1/2-1/2"]
[WhiteElo "2400"]
[BlackElo "2192"]
[PlyCount "39"]
[EventDate "2022.10.08"]
[EventType "team-tourn"]
[EventRounds "11"]
[EventCountry "CZE"]
[SourceTitle "CBM 213 Extra"]
[Source "ChessBase"]
[SourceDate "2023.05.31"]
[SourceVersion "1"]
[SourceVersionDate "2023.05.31"]
[SourceQuality "1"]
[WhiteTeam "Poruba Slavoj"]
[BlackTeam "Orlova Slavia"]
[WhiteTeamCountry "CZE"]
[BlackTeamCountry "CZE"]

1. c4 e5 2. g3 c6 3. Bg2 d5 4. cxd5 cxd5 5. Qb3 Nf6 6. Nc3 Nc6 7. e3 Nb4 8. a3 Nd3+ 9. Kf1 e4 10. f3 Nc5 11. Qc2 Bf5 12. b4 Qd7 13. fxe4 Nfxe4 14. Nxe4 Nxe4 15. Qd1 Qb5+ 16. Ke1 Bd6 17. Qe2 Qxe2+ 18. Nxe2 Be5 19. d4 Bd6 20. Rf1 1/2-1/2

[Event "CZE-chT1E 2223"]
[Site "Czech Republic"]
[Date "2023.01.15"]
[Round "6.6"]
[White "Bulava, Petr"]
[Black "Kostka, Vit"]
[Result "1/2-1/2"]
[WhiteElo "2046"]
[BlackElo "2192"]
[PlyCount "40"]
[EventDate "2022.10.08"]
[EventType "team-tourn"]
[EventRounds "11"]
[EventCountry "CZE"]
[SourceTitle "CBM 213 Extra"]
[Source "ChessBase"]
[SourceDate "2023.05.31"]
[SourceVersion "1"]
[SourceVersionDate "2023.05.31"]
[SourceQuality "1"]
[WhiteTeam "Poruba Slavoj II"]
[BlackTeam "Orlova Slavia"]
[WhiteTeamCountry "CZE"]
[BlackTeamCountry "CZE"]

1. d4 Nf6 2. c4 e6 3. Nf3 d5 4. Nc3 c5 5. cxd5 cxd4 6. Qxd4 exd5 7. e4 dxe4 8. Qxd8+ Kxd8 9. Ng5 Be6 10. Nxe6+ fxe6 11. Bc4 Ke7 12. 0-0 Kf7 13. Bg5 Nbd7 14. Rae1 Bb4 15. f3 Rac8 16. Bb3 Nc5 17. fxe4 Kg6 18. e5 Ng4 19. Be7 Nxb3 20. Bxb4 Rc4 1/2-1/2

[Event "CZE-chT2F 2223"]
[Site "Czech Republic"]
[Date "2022.12.18"]
[Round "5"]
[White "Kostka, Vit"]
[Black "Zalesky, Karel"]
[Result "0-1"]
[WhiteElo "2194"]
[BlackElo "2028"]
[PlyCount "102"]
[EventDate "2022.10.16"]
[EventType "team-tourn"]
[EventRounds "11"]
[EventCountry "CZE"]
[SourceTitle "EXT 2024"]
[Source "ChessBase"]
[SourceDate "2023.10.10"]
[SourceVersion "1"]
[SourceVersionDate "2023.10.10"]
[SourceQuality "1"]
[WhiteTeam "Orlova Slavia II"]
[BlackTeam "Dolni Benesov"]
[WhiteTeamCountry "CZE"]
[BlackTeamCountry "CZE"]

1. e4 c5 2. Nf3 d6 3. d4 cxd4 4. Nxd4 Nf6 5. Nc3 a6 6. f3 Nc6 7. Be3 e5 8. Nb3 Be6 9. Qd2 d5 10. exd5 Nxd5 11. Nxd5 Qxd5 12. Qxd5 Bxd5 13. 0-0-0 0-0-0 14. Bd3 g6 15. Be4 Bxe4 16. Rxd8+ Kxd8 17. fxe4 Kd7 18. c4 f5 19. a3 Ke6 20. Kc2 f4 21. Bc5 Be7 22. Bxe7 Kxe7 23. Nc5 Rd8 24. Rd1 Nd4+ 25. Kc3 Nb5+ 26. Kc2 Rxd1 27. Kxd1 Nd6 28. b3 g5 29. h3 h5 30. Ke2 g4 31. hxg4 hxg4 32. a4 a5 33. Nd3 Kf6 34. Nc5 Kg5 35. Nd7 Nxe4 36. Nxe5 Nc5 37. Nf7+ Kh4 38. Nd6 Kg3 39. Kf1 Nxb3 40. Nf5+ Kh2 41. Kf2 Nd2 42. Nd4 f3 43. gxf3 g3+ 44. Ke3 g2 45. Ne2 Nxc4+ 46. Kd4 Nd2 47. f4 Nb3+ 48. Ke4 Nc5+ 49. Ke5 Nxa4 50. f5 Nc3 51. Nd4 Kg3 0-1

[Event "CZE-chT1E 2223"]
[Site "Czech Republic"]
[Date "2022.12.11"]
[Round "5.5"]
[White "Kostka, Vit"]
[Black "Mrva, Marek"]
[Result "1/2-1/2"]
[WhiteElo "2192"]
[BlackElo "2124"]
[PlyCount "32"]
[EventDate "2022.10.08"]
[EventType "team-tourn"]
[EventRounds "11"]
[EventCountry "CZE"]
[SourceTitle "CBM 213 Extra"]
[Source "ChessBase"]
[SourceDate "2023.05.31"]
[SourceVersion "1"]
[SourceVersionDate "2023.05.31"]
[SourceQuality "1"]
[WhiteTeam "Orlova Slavia"]
[BlackTeam "Ostrava"]
[WhiteTeamCountry "CZE"]
[BlackTeamCountry "CZE"]

1. e4 c5 2. Nf3 d6 3. Nc3 e5 4. Bc4 Be7 5. d3 Nf6 6. Ne2 0-0 7. c3 Nc6 8. a4 d5 9. exd5 Nxd5 10. Ng3 Be6 11. 0-0 Qd7 12. Bb5 f6 13. d4 exd4 14. cxd4 a6 15. Bc4 Rad8 16. dxc5 Bxc5 1/2-1/2

[Event "CZE-chT2F 2223"]
[Site "Czech Republic"]
[Date "2022.10.16"]
[Round "1"]
[White "Kostka, Vit"]
[Black "Krajina, Ales"]
[Result "1-0"]
[WhiteElo "2194"]
[BlackElo "2178"]
[PlyCount "41"]
[EventDate "2022.10.16"]
[EventType "team-tourn"]
[EventRounds "11"]
[EventCountry "CZE"]
[SourceTitle "EXT 2024"]
[Source "ChessBase"]
[SourceDate "2023.10.10"]
[SourceVersion "1"]
[SourceVersionDate "2023.10.10"]
[SourceQuality "1"]
[WhiteTeam "Orlova Slavia II"]
[BlackTeam "Ostrava II"]
[WhiteTeamCountry "CZE"]
[BlackTeamCountry "CZE"]

1. e4 c6 2. d4 d5 3. e5 Bf5 4. h4 h5 5. Bd3 Bxd3 6. Qxd3 e6 7. Bg5 Qb6 8. Nd2 c5 9. c4 Qxb2 10. Rd1 Qxd4 11. Qb3 Qxe5+ 12. Ne2 Qc7 13. cxd5 f6 14. Nf4 exd5 15. Nxd5 Qc6 16. 0-0 fxg5 17. Rfe1+ Ne7 18. Re6 Qd7 19. Ne4 Nbc6 20. Ndf6+ gxf6 21. Nxf6+ 1-0

[Event "Stare Mesto op"]
[Site "Stare Mesto"]
[Date "2022.08.17"]
[Round "6"]
[White "Skalsky, Alexandr"]
[Black "Kostka, Vit"]
[Result "0-1"]
[WhiteElo "2187"]
[BlackElo "2169"]
[PlyCount "72"]
[EventDate "2022.08.12"]
[EventType "swiss"]
[EventRounds "9"]
[EventCountry "CZE"]
[SourceTitle "CBM 209 Extra"]
[Source "ChessBase"]
[SourceDate "2022.09.30"]
[SourceVersion "1"]
[SourceVersionDate "2022.09.30"]
[SourceQuality "1"]

1. e4 c5 2. Nf3 e6 3. d4 cxd4 4. Nxd4 Nf6 5. Nc3 Nc6 6. a3 d6 7. Be3 Be7 8. f4 Qc7 9. Qf3 0-0 10. Nb3 a6 11. g4 Na5 12. Nxa5 Qxa5 13. Bd3 b5 14. e5 Nd5 15. Bd2 Qc7 16. Nxd5 exd5 17. 0-0-0 dxe5 18. fxe5 Rb8 19. Rhf1 b4 20. Qh3 g6 21. axb4 Bxb4 22. Rde1 Bxd2+ 23. Kxd2 Qa5+ 24. Kc1 Qb4 25. b3 Qc3 26. Kd1 Rb4 27. e6 Bxe6 28. Rxe6 fxe6 29. Rxf8+ Kxf8 30. g5 Qa1+ 31. Kd2 Qe5 32. Qxh7 Qxg5+ 33. Kc3 Rh4 34. Qc7 Qf6+ 35. Kd2 Qf2+ 36. Kd1 Qg1+ 0-1

[Event "Stare Mesto op"]
[Site "Stare Mesto"]
[Date "2022.08.16"]
[Round "5"]
[White "Kostka, Vit"]
[Black "Sramek, Vojtech"]
[Result "1/2-1/2"]
[WhiteElo "2169"]
[BlackElo "2247"]
[PlyCount "20"]
[EventDate "2022.08.12"]
[EventType "swiss"]
[EventRounds "9"]
[EventCountry "CZE"]
[SourceTitle "CBM 209 Extra"]
[Source "ChessBase"]
[SourceDate "2022.09.30"]
[SourceVersion "1"]
[SourceVersionDate "2022.09.30"]
[SourceQuality "1"]

1. e4 e5 2. Nf3 Nc6 3. d4 exd4 4. Nxd4 Nf6 5. Nxc6 bxc6 6. e5 Qe7 7. Qe2 Nd5 8. c4 Ba6 9. b3 0-0-0 10. Bb2 Qg5 1/2-1/2

[Event "Stare Mesto op"]
[Site "Stare Mesto"]
[Date "2022.08.13"]
[Round "2"]
[White "Cerveny, Martin"]
[Black "Kostka, Vit"]
[Result "1-0"]
[WhiteElo "2411"]
[BlackElo "2169"]
[PlyCount "109"]
[EventDate "2022.08.12"]
[EventType "swiss"]
[EventRounds "9"]
[EventCountry "CZE"]
[SourceTitle "CBM 209 Extra"]
[Source "ChessBase"]
[SourceDate "2022.09.30"]
[SourceVersion "1"]
[SourceVersionDate "2022.09.30"]
[SourceQuality "1"]

1. d4 Nf6 2. Nf3 d5 3. c4 e6 4. Nc3 c5 5. cxd5 cxd4 6. Qa4+ Bd7 7. Qxd4 exd5 8. Bg5 Nc6 9. Bxf6 Nxd4 10. Bxd8 Nxf3+ 11. gxf3 Rxd8 12. Nxd5 Bc6 13. Nc3 Bb4 14. Rc1 0-0 15. Bg2 Rfe8 16. a3 Bxc3+ 17. Rxc3 Rd6 18. Re3 Rxe3 19. fxe3 f5 20. h4 Kf7 21. b4 Bb5 22. f4 Ra6 23. Bxb7 Rxa3 24. Kf2 Ra4 25. Bd5+ Kf6 26. Rb1 h6 27. h5 a6 28. Rb2 Ke7 29. Bf3 Be8 30. Rb3 Bf7 31. Rb1 Be8 32. Rb2 Bb5 33. e4 fxe4 34. Bxe4 Ke6 35. Bf3 Kf5 36. Kg3 Kf6 37. e4 Ra3 38. Kf2 Bd3 39. Rd2 Rc3 40. Bg2 Rb3 41. Bf3 Rc3 42. Rd1 Rb3 43. Bg2 Rb2+ 44. Ke3 Bb5 45. e5+ Ke7 46. Bd5 Rxb4 47. Rg1 Kf8 48. Rc1 Be8 49. Rc8 Rb6 50. f5 Ke7 51. Rc7+ Kf8 52. e6 Bxh5 53. Kd4 a5 54. Kc5 Ra6 55. Bb7 1-0

[Event "Pardubice Czech op-E 33rd"]
[Site "Pardubice"]
[Date "2022.07.17"]
[Round "6.2"]
[White "Mica, Marek"]
[Black "Kostka, Vit"]
[Result "1/2-1/2"]
[WhiteElo "2304"]
[BlackElo "2168"]
[PlyCount "111"]
[EventDate "2022.07.14"]
[EventType "team-swiss"]
[EventRounds "7"]
[EventCountry "CZE"]
[SourceTitle "CBM 209 Extra"]
[Source "ChessBase"]
[SourceDate "2022.09.30"]
[SourceVersion "1"]
[SourceVersionDate "2022.09.30"]
[SourceQuality "1"]
[WhiteTeam "Beskydy Chess School J"]
[BlackTeam "Orlova Slavia II"]
[WhiteTeamCountry "CZE"]
[BlackTeamCountry "CZE"]

1. d4 d5 2. c4 e6 3. Nf3 Nf6 4. g3 Be7 5. Bg2 0-0 6. 0-0 dxc4 7. Qc2 a6 8. a4 Bd7 9. Qxc4 Bc6 10. Bf4 Nbd7 11. Nc3 Nb6 12. Qb3 Nbd5 13. Bd2 Nxc3 14. bxc3 b5 15. axb5 axb5 16. Bf4 Bd6 17. Bg5 Qd7 18. Bxf6 gxf6 19. Qc2 Ra4 20. e4 Rfa8 21. Rae1 Ra2 22. Qc1 Bf8 23. Qf4 Bg7 24. d5 Bb7 25. Bh3 Qe7 26. Qg4 Bc8 27. dxe6 fxe6 28. Qh5 c5 29. Rb1 Bd7 30. Qh4 R8a4 31. Qf4 f5 32. Qb8+ Qf8 33. Qxf8+ Kxf8 34. exf5 exf5 35. Rfd1 Ra7 36. Rd5 Bxc3 37. Rxc5 b4 38. Bxf5 Ra1 39. Rxa1 Rxa1+ 40. Kg2 Bxf5 41. Rxf5+ Ke7 42. Rb5 Kd6 43. Ne5 Bxe5 44. Rxb4 Ra2 45. Rb7 Bd4 46. Rf7 Ke6 47. Rf4 Be5 48. Rf3 Bd4 49. h4 h5 50. Rf4 Ke5 51. Rf8 Ke4 52. Rf4+ Ke5 53. Rf7 Ke4 54. Rf8 Rb2 55. Rf4+ Ke5 56. Rf8 1/2-1/2

[Event "Bohumin op 5th"]
[Site "Bohumin"]
[Date "2022.07.06"]
[Round "5"]
[White "Kostka, Vit"]
[Black "Doniec, Mateusz"]
[Result "1-0"]
[WhiteElo "2168"]
[BlackElo "1190"]
[PlyCount "111"]
[EventDate "2022.07.02"]
[EventType "swiss"]
[EventRounds "9"]
[EventCountry "CZE"]
[SourceTitle "CBM 209 Extra"]
[Source "ChessBase"]
[SourceDate "2022.09.30"]
[SourceVersion "1"]
[SourceVersionDate "2022.09.30"]
[SourceQuality "1"]

1. e4 e6 2. d4 d5 3. Nc3 dxe4 4. Nxe4 Nf6 5. Nxf6+ gxf6 6. g3 Nc6 7. Be3 e5 8. d5 Nb4 9. c4 Bf5 10. Rc1 c6 11. a3 Na6 12. Bg2 cxd5 13. Qxd5 Qxd5 14. Bxd5 Nc5 15. Ke2 Be4 16. f3 Bxd5 17. cxd5 Nd7 18. Rc7 b6 19. Nh3 Bd6 20. Rc6 Ke7 21. Rhc1 h6 22. Nf2 f5 23. g4 Nf6 24. gxf5 Nxd5 25. Ne4 Rad8 26. Rd1 Bb8 27. f6+ Kd7 28. Rc2 Ke6 29. Rcd2 Bc7 30. Rc1 Bb8 31. Rcd1 Bc7 32. Rc1 Bb8 33. Kf2 Nxe3 34. Rc6+ Kf5 35. Kxe3 Rxd2 36. Nxd2 Rd8 37. Ne4 Rd7 38. b4 Rc7 39. Ng3+ Kg6 40. Rxc7 Bxc7 41. Ke4 a5 42. Kd5 axb4 43. axb4 Kxf6 44. Kc6 Bd8 45. Kd7 Kg5 46. Kxd8 Kf4 47. Kc7 Kxf3 48. Kxb6 e4 49. Kc5 e3 50. b5 h5 51. b6 h4 52. Nf5 e2 53. Nd4+ Kg2 54. Nxe2 Kxh2 55. b7 h3 56. b8Q+ 1-0

[Event "Bohumin op 5th"]
[Site "Bohumin"]
[Date "2022.07.05"]
[Round "4"]
[White "Kozelsky, Marek"]
[Black "Kostka, Vit"]
[Result "1/2-1/2"]
[WhiteElo "1934"]
[BlackElo "2168"]
[PlyCount "100"]
[EventDate "2022.07.02"]
[EventType "swiss"]
[EventRounds "9"]
[EventCountry "CZE"]
[SourceTitle "CBM 209 Extra"]
[Source "ChessBase"]
[SourceDate "2022.09.30"]
[SourceVersion "1"]
[SourceVersionDate "2022.09.30"]
[SourceQuality "1"]

1. e4 d6 2. d4 Nf6 3. Nc3 g6 4. Nf3 Bg7 5. Be2 0-0 6. 0-0 c6 7. Bg5 Qc7 8. Qd2 e5 9. Rfd1 Re8 10. dxe5 dxe5 11. Qd6 Qxd6 12. Rxd6 Be6 13. Nxe5 Nxe4 14. Nxe4 Bxe5 15. Nf6+ Bxf6 16. Bxf6 Nd7 17. Bc3 Nc5 18. Bf3 Bf5 19. Bd4 Ne6 20. c3 Ng5 21. Be3 Nxf3+ 22. gxf3 Be6 23. Kg2 f6 24. Bd4 Kf7 25. Kg3 Rad8 26. Rxd8 Rxd8 27. Bxa7 Ra8 28. Bd4 Bxa2 29. f4 h5 30. h4 Ke6 31. Re1+ Kf7 32. Ra1 b5 33. Re1 Be6 34. b4 Ra2 35. Bc5 Rc2 36. Bd4 Bd5 37. f3 Rd2 38. Bc5 f5 39. Re7+ Kf6 40. Re1 Rd3 41. Re3 Rd2 42. Re1 Bc4 43. Bd4+ Kf7 44. Bc5 Be2 45. Kf2 Bc4+ 46. Kg3 Rd3 47. Re7+ Kf6 48. Re1 Bd5 49. Re3 Rd1 50. Kg2 Rd2+ 1/2-1/2

[Event "Bohumin op 5th"]
[Site "Bohumin"]
[Date "2022.07.02"]
[Round "1"]
[White "Kostka, Vit"]
[Black "Mydlar, Matej"]
[Result "1-0"]
[WhiteElo "2168"]
[BlackElo "1453"]
[PlyCount "129"]
[EventDate "2022.07.02"]
[EventType "swiss"]
[EventRounds "9"]
[EventCountry "CZE"]
[SourceTitle "CBM 209 Extra"]
[Source "ChessBase"]
[SourceDate "2022.09.30"]
[SourceVersion "1"]
[SourceVersionDate "2022.09.30"]
[SourceQuality "1"]

1. e4 c5 2. Nf3 a6 3. c4 g6 4. Nc3 Bg7 5. d4 cxd4 6. Nxd4 Nc6 7. Be3 Nf6 8. Nxc6 bxc6 9. e5 Ng8 10. Bd4 c5 11. Bxc5 Bxe5 12. Qd5 Bxc3+ 13. bxc3 Qa5 14. Rc1 Nf6 15. Qxa8 Qxc5 16. Be2 0-0 17. Qf3 d6 18. Qe3 Qxe3 19. fxe3 Bg4 20. Rb1 Bxe2 21. Kxe2 Ne4 22. Rhc1 Nc5 23. Rb4 Kg7 24. Rcb1 Rc8 25. Rb8 Rc7 26. R1b6 h5 27. Ra8 Kf6 28. h3 Kf5 29. Raxa6 Nxa6 30. Rxa6 Rxc4 31. Kd3 Rc5 32. a4 Ke5 33. Rb6 Ke6 34. c4 Ra5 35. Rb4 f5 36. h4 Kf6 37. g3 g5 38. Kc3 Re5 39. Kd3 Ra5 40. Kc2 Re5 41. Rb3 gxh4 42. gxh4 Re4 43. Kd3 Rxh4 44. a5 Rg4 45. a6 Rg8 46. a7 Ra8 47. Ra3 h4 48. Ke2 e5 49. Kf3 e4+ 50. Kg2 Kg5 51. Kh3 Kh5 52. Ra6 Kg5 53. Ra5 Kf6 54. Kxh4 Rh8+ 55. Kg3 Rg8+ 56. Kf2 Ra8 57. Ke2 Ke6 58. Kd2 Ke7 59. Kc3 Ke6 60. Kd4 Ke7 61. c5 Kd7 62. cxd6 Kxd6 63. Ra6+ Kc7 64. Ke5 Kb7 65. Ra4 1-0

[Event "CZE-chT2F 2122"]
[Site "Czech Republic"]
[Date "2022.03.20"]
[Round "10.4"]
[White "Kufa, Pavel"]
[Black "Kostka, Vit"]
[Result "1/2-1/2"]
[WhiteElo "2118"]
[BlackElo "2167"]
[PlyCount "96"]
[EventDate "2021.10.17"]
[EventType "team-tourn"]
[EventRounds "11"]
[EventCountry "CZE"]
[SourceTitle "EXT 2024"]
[Source "ChessBase"]
[SourceDate "2023.10.10"]
[SourceVersion "1"]
[SourceVersionDate "2023.10.10"]
[SourceQuality "1"]
[WhiteTeam "Poruba Slavoj III"]
[BlackTeam "Orlova Slavia II"]
[WhiteTeamCountry "CZE"]
[BlackTeamCountry "CZE"]

1. e4 e6 2. d4 d5 3. exd5 exd5 4. Nf3 Nc6 5. Bb5 Bd6 6. c4 dxc4 7. d5 a6 8. Ba4 b5 9. dxc6 bxa4 10. 0-0 Ne7 11. Qxa4 Be6 12. Nc3 0-0 13. Re1 Nd5 14. Qxc4 Nb4 15. Qe4 Re8 16. a3 Nd3 17. Re2 Nc5 18. Qc2 Bb3 19. Qf5 Be6 20. Qc2 Bb3 21. Qf5 g6 22. Qg5 Rxe2 23. Qxd8+ Rxd8 24. Nxe2 Bd5 25. Bg5 Re8 26. Ned4 Nb3 27. Rd1 Nxd4 28. Nxd4 Be5 29. h3 f6 30. Be3 Rd8 31. Ne6 Rd6 32. Nxc7 Bxc6 33. Rxd6 Bxd6 34. Nxa6 Bb5 35. Nc5 Bxc5 36. Bxc5 Kf7 37. f4 Ke6 38. Kf2 Kd5 39. Be7 f5 40. Kf3 Ba4 41. Ke3 Kc4 42. g4 Bd7 43. gxf5 Bxf5 44. h4 h5 45. a4 Bd7 46. a5 Kb5 47. b4 Bf5 48. Kd4 Ka6 1/2-1/2

[Event "CZE-chT2F 2122"]
[Site "Czech Republic"]
[Date "2022.02.27"]
[Round "9.4"]
[White "Kostka, Vit"]
[Black "Szczepanek, Radoslaw"]
[Result "0-1"]
[WhiteElo "2167"]
[BlackElo "2201"]
[PlyCount "126"]
[EventDate "2021.10.17"]
[EventType "team-tourn"]
[EventRounds "11"]
[EventCountry "CZE"]
[SourceTitle "EXT 2024"]
[Source "ChessBase"]
[SourceDate "2023.10.10"]
[SourceVersion "1"]
[SourceVersionDate "2023.10.10"]
[SourceQuality "1"]
[WhiteTeam "Orlova Slavia II"]
[BlackTeam "Havirov Slovan"]
[WhiteTeamCountry "CZE"]
[BlackTeamCountry "CZE"]

1. e4 c5 2. Nf3 Nc6 3. d4 cxd4 4. Nxd4 Nf6 5. Nc3 e5 6. Ndb5 d6 7. Bg5 a6 8. Na3 b5 9. Bxf6 gxf6 10. Nd5 Bg7 11. c3 f5 12. Nxb5 axb5 13. Bxb5 Bd7 14. exf5 0-0 15. 0-0 Rb8 16. a4 e4 17. Re1 Ne5 18. Bxd7 Nxd7 19. Ra2 Re8 20. Re3 Nf6 21. b4 Nxd5 22. Qxd5 Re5 23. Qb3 d5 24. Rd2 Kh8 25. Re1 Rxf5 26. c4 Qb6 27. cxd5 Qxb4 28. Qxb4 Rxb4 29. d6 Rb8 30. d7 Bf6 31. f3 Rd8 32. Rxe4 Ra5 33. Rd6 Kg7 34. Rg4+ Rg5 35. Rc4 Ra5 36. Rg4+ Rg5 37. Rc4 Be7 38. Rd3 Ra5 39. Rg4+ Kf8 40. Rc4 Ra7 41. g4 Rdxd7 42. Rxd7 Rxd7 43. Kg2 Kg7 44. Kg3 Rb7 45. h4 Bd6+ 46. f4 Rb3+ 47. Kg2 h5 48. gxh5 Be7 49. h6+ Kxh6 50. Rc7 Re3 51. Kf2 Re6 52. Kf3 f5 53. Rc8 Ra6 54. Rh8+ Kg7 55. Rb8 Bxh4 56. Rb5 Kg6 57. Rb4 Bd8 58. Ke3 Re6+ 59. Kf3 Rc6 60. Ke3 Bf6 61. Kf2 Rc2+ 62. Ke3 Rc3+ 63. Kd2 Ra3 0-1

[Event "Stare Mesto op"]
[Site "Stare Mesto"]
[Date "2021.08.20"]
[Round "8"]
[White "Neuman, Petr"]
[Black "Kostka, Vit"]
[Result "1-0"]
[WhiteElo "2402"]
[BlackElo "2145"]
[PlyCount "93"]
[EventDate "2021.08.13"]
[EventType "swiss"]
[EventRounds "9"]
[EventCountry "CZE"]
[SourceTitle "CBM 203 Extra"]
[Source "ChessBase"]
[SourceDate "2021.09.30"]
[SourceVersion "1"]
[SourceVersionDate "2021.09.30"]
[SourceQuality "1"]

1. d4 d5 2. Nf3 e6 3. c4 a6 4. e3 dxc4 5. Bxc4 b5 6. Bd3 Bb7 7. a4 b4 8. 0-0 Nf6 9. Qe2 c5 10. dxc5 Bxc5 11. Rd1 Nbd7 12. b3 0-0 13. Bb2 Qa5 14. Nbd2 Be7 15. Rac1 Rfc8 16. Nc4 Qh5 17. Nfe5 Qxe2 18. Bxe2 Nxe5 19. Bxe5 Rd8 20. f3 Bc5 21. Kf1 Nd5 22. e4 Ne3+ 23. Nxe3 Bxe3 24. Rc7 Rxd1+ 25. Bxd1 Bc8 26. Re7 h5 27. a5 Bc5 28. Re8+ Kh7 29. Be2 f6 30. Bc7 Kg6 31. Rh8 Kf7 32. e5 Bf8 33. f4 Bb7 34. Bxh5+ g6 35. Rh7+ Kg8 36. Bxg6 Bg7 37. exf6 Bxf6 38. Rf7 Bg7 39. Be5 Bxe5 40. Rxb7 Bxf4 41. g3 Bd6 42. Bf7+ Kg7 43. Bxe6+ Kf6 44. Bc4 Ke5 45. Rb6 Rf8+ 46. Kg2 Bc5 47. Re6+ 1-0

[Event "Stare Mesto op"]
[Site "Stare Mesto"]
[Date "2021.08.17"]
[Round "5"]
[White "Kostka, Vit"]
[Black "Vokac, Marek"]
[Result "0-1"]
[WhiteElo "2145"]
[BlackElo "2370"]
[PlyCount "58"]
[EventDate "2021.08.13"]
[EventType "swiss"]
[EventRounds "9"]
[EventCountry "CZE"]
[SourceTitle "CBM 203 Extra"]
[Source "ChessBase"]
[SourceDate "2021.09.30"]
[SourceVersion "1"]
[SourceVersionDate "2021.09.30"]
[SourceQuality "1"]

1. e4 c5 2. Nf3 Nc6 3. d4 cxd4 4. Nxd4 Qb6 5. Nb3 Nf6 6. Nc3 e6 7. Be3 Qc7 8. a3 Be7 9. f4 d6 10. Qf3 a6 11. 0-0-0 0-0 12. g4 b5 13. g5 Nd7 14. Kb1 b4 15. axb4 Nxb4 16. Bc1 Bb7 17. Rg1 Rfc8 18. Bd3 Rab8 19. Qh3 g6 20. f5 exf5 21. exf5 Nxd3 22. fxg6 hxg6 23. Qxd3 Ne5 24. Qe3 Bf8 25. Rg3 Bg7 26. Qf4 Ba8 27. h4 a5 28. Qa4 Nc4 29. Nb5 Rxb5 0-1